LIBRARY & INFORMATION CENTRE, KCAET, TAVANUR

ONLINE PUBLIC ACCESS CATALOGUE (OPAC)

Bank probationary and specialist officers and assistant manager`s exam / (Record no. 13543)

MARC details
000 -LEADER
fixed length control field 00424cam a2200145ua 4500
003 - CONTROL NUMBER IDENTIFIER
control field OSt
008 - FIXED-LENGTH DATA ELEMENTS--GENERAL INFORMATION
fixed length control field 240320b |||||||| |||| 00| 0 eng d
041 ## - LANGUAGE CODE
Language code of text/sound track or separate title eng
082 ## - DEWEY DECIMAL CLASSIFICATION NUMBER
Classification number 658.002
Item number MAL/BA
100 ## - MAIN ENTRY--AUTHOR NAME
Personal name Malhotra, A. M .
245 ## - TITLE STATEMENT
Title Bank probationary and specialist officers and assistant manager`s exam /
260 ## - PUBLICATION, DISTRIBUTION, ETC. (IMPRINT)
Place of publication New Delhi :
Name of publisher Bright careers institute ,
Year of publication 2009.
700 1# - ADDED ENTRY--PERSONAL NAME
Personal name Bright, P.S.
942 ## - ADDED ENTRY ELEMENTS (KOHA)
Koha item type Books
Holdings
Withdrawn status Lost status Damaged status Home library Current library Date acquired Cost, normal purchase price Full call number Accession Number Koha item type
      KAUAET KAUAET 07/04/2012 430.00 658.002 MAL/BA 22008 Books
free website counter